Company Slogans - Statistics

General Stats
  • This quiz has been taken 560 times
  • The average score is 6 of 10
Answer Stats
Hint Answer % Correct
I'm lovin' it. McDonalds
98%
Just do it. Nike
95%
Finger Lickin' Good. KFC
89%
Eat Fresh. Subway
84%
You're in good hands. Allstate
48%
Snap! Crackle! Pop! Rice Crispies
46%
Built for the road ahead. Ford
45%
Save money. Live better. Walmart
42%
So easy a caveman can do it. Geico
39%
Keeps going and going and going... Energizer
37%
No matching quizzes found
Score Distribution
Percent of People with Each Score
Percentile by Number Answered
Your Score History
You have not taken this quiz